| 000 | 00932nam a22002651u 4500 | ||
|---|---|---|---|
| 001 | 05828 | ||
| 003 | HDC | ||
| 007 | cr bn --- | ||
| 008 | 210121p xx fo d 00 engg | ||
| 040 | _aHDC | ||
| 100 |
_aNorhaizam bte Md Sani _96117 |
||
| 245 | 0 |
_aHALAL SERVICES : _bINTERNAL AUDITING - REQUIREMENTS, PROCESS AND PROCEDURES _c/ by Norhaizam bte Md Sani |
|
| 260 |
_a[No place] : _b[publisher not identified], _c2011 |
||
| 300 |
_a47 pages : _bIllustrations |
||
| 336 |
_atext _2rdacontent |
||
| 337 |
_acomputer _2rdamedia |
||
| 338 |
_aonline resource _2rdacarrier |
||
| 650 |
_aHalal industry _9144 |
||
| 650 |
_aHalal Internal Audit _96133 |
||
| 650 |
_aHalal services _96069 |
||
| 856 | _zRequest full-text at [email protected] | ||
| 942 | _2lcc | ||
| 942 | _cSLIDE | ||
| 942 | _kSLID 000627 | ||
| 999 |
_c3152 _d3152 |
||